000 01044nam0a2200313 4500
001 RU\NLR\bibl\1159535
005 20260405094445.0
010 _a5-699-19156-9
_95000
021 _aRU
_b2007-71536
_93844
035 _a(NLR Aleph) 001146288
090 _a1449310
_c1449310
100 _a20071124d2007 |||y0rusy50 ca
101 0 _arus
102 _aRU
105 _aa |||||||||
200 1 _aЭнциклопедия хорошей хозяйки
_f[сост.: Ю. Фомина]
210 _aМосква
_cЭксмо
_d2007
215 _a159 с.
_cцв. ил.
_d26
225 1 _aДамский клуб
606 1 _aДомоводство
_jЭнциклопедии
_92080563
_3RU\NLR\auth\661256504
686 _aМ79я20
702 1 _8rus
_7ca
_aФомина
_bЮ. А.
_cпопуляризатор
_gЮлия Анатольевна
_3RU\NLR\AUTH\7735153
_918151
801 0 _aRU
_bNLR
_c20071124
_gRCR
801 1 _aRU
_bNLR
_c20071124
830 _aсост. по ЭК
942 _cBOOK
980 _aNB